Real Madrid’s Journey To The UCL Final 23/24 - Statistics

General Stats
  • This quiz has been taken 67 times
  • The average score is 10 of 13
Answer Stats
Hint Answer % Correct
Real Madrid v Bayern Munich SF 2nd Leg Win 2-1
96%
Real Madrid v Bayern Munich SF 1st Leg Draw 2-2
96%
Real Madrid v Union Berlin Matchday 1/6 Win 1-0
95%
Real Madrid v RB Leipzig RO16 2nd Leg Draw 1-1
91%
Real Madrid v Man City QF 1st Leg Draw 3-3
91%
Real Madrid v Borussia Dortmund Final Win 0-2
85%
Real Madrid v RB Leipzig RO16 1st Leg Win 0-1
84%
Real Madrid v Napoli Matchday 2/6 Win 2-3
84%
Real Madrid v Union Berlin Matchday 6/6 Win 2-3
84%
Real Madrid v Braga Matchday 4/6 Win 3-0
84%
Real Madrid v Braga Matchday 3/6 Win 1-2
80%
Real Madrid v Napoli Matchday 5/6 Win 4-2
69%
Real Madrid v Man City QF 2nd Leg Win 1(4)- 1(3)
5%
No matching quizzes found
Score Distribution
Percent of People with Each Score
Percentile by Number Answered
Your Score History
You have not taken this quiz